Statistics for Debuting Teams at the FIFA World Cup by Year

Click here to take the quiz!

General Stats

  • This quiz has been taken 207 times
  • The average score is 16 of 20

Answer Stats

Year Teams % Correct
1930
99%
1954
97%
1998
90%
1966
89%
1982
88%
1994
87%
2006
86%
1986
84%
1974
81%
1938
79%
1990
78%
1950
76%
1978
67%
1962
63%
1958
58%
2014
50%
2010
43%

Score Distribution

Percentile by Number Answered

Percent of People with Each Score

Your Score History

You have not taken this quiz